[Aparato de navegación aérea de Emilio Abes] (Record no. 85809)

MARC details
000 -LEADER
campo de control de longitud fija 01697nkm a22002657a 4500
001 - NÚMERO DE CONTROL
campo de control 85809
005 - FECHA Y HORA DE LA ÚLTIMA TRANSACCIÓN
campo de control 20260417124335.0
007 - CAMPO FIJO DE DESCRIPCIÓN FÍSICA--INFORMACIÓN GENERAL
campo de control de longitud fija kh boc
008 - DATOS DE LONGITUD FIJA--INFORMACIÓN GENERAL
campo de control de longitud fija 260416s1891 sp ||||| |||| |0| i|spa d
040 ## - FUENTE DE CATALOGACIÓN
Centro catalogador/agencia de origen M-RABA
Lengua de catalogación spa
Centro/agencia transcriptor M-RABA
100 1# - ENTRADA PRINCIPAL--NOMBRE DE PERSONA
Nombre de persona Jacquemin, Teodoro
9 (RLIN) 111672
245 11 - MENCIÓN DEL TÍTULO
Título [Aparato de navegación aérea de Emilio Abes]
Mención de responsabilidad, etc. / Jacquemin, Teodoro
Medio [Material gráfico]
260 ## - PUBLICACIÓN, DISTRIBUCIÓN, ETC.
Nombre del editor, distribuidor, etc. Teodoro Jacquemin
Fecha de publicación, distribución, etc. , 1891
300 ## - DESCRIPCIÓN FÍSICA
Extensión 1 fotografía
Otras características físicas : albúmina
Dimensiones ; imagen 14 x 16 cm
-- ; soporte secundario 25 x 17 cm
500 00 - NOTA GENERAL
Nota general Fotografía de un esquema dibujado por Emilio Abes que representa uno de sus inventos: "aparato de navegación aérea".
500 00 - NOTA GENERAL
Nota general Al verso, en el soporte secundario, impresión del sello en tinta azul del fotógrafo "Fotografía eléctrica de Teodoro Jacquemin". <br/>
500 00 - NOTA GENERAL
Nota general Remitida la fotografía por su autor el 23 de marzo de 1891. Información tomada del Libro de Actas de 1891. "De una carta de D. Emilio Abes (de Denia) remitiendo una fotografía del aparato de navegación aérea que ha inventado. La Academia acordó acusar recibo"
500 00 - NOTA GENERAL
Nota general Nota manuscrita a lápiz al verso con la fecha remitida por su autor: "23 de marzo de 1891".
544 ## - NOTA DE LOCALIZACIÓN DE MATERIALES DE ARCHIVO RELACIONADOS
Depositario(custodio) Actas Academia, 23 de marzo de 1891 (Disponible en línea: https://www.cervantesvirtual.com/portales/bellas_artes_san_fernando/obra-visor/actas-del-ano-1891--0/html/03292430-82b2-11df-acc7-002185ce6064_26.htm)
600 10 - PUNTO DE ACCESO ADICIONAL DE MATERIA--NOMBRE DE PERSONA
Nombre de persona Abes, Emilio
9 (RLIN) 111673
655 #7 - TERMINO DE INDIZACIÓN--GENERO/FORMA
Datos o término principal de género/forma Fotografías.
9 (RLIN) 54128
852 ## - LOCALIZACIÓN
Número de control de estantería Fot-651
856 ## - LOCALIZACIÓN Y ACCESO ELECTRÓNICOS
Identificador Uniforme de Recurso <a href="https://archivoybiblioteca.realacademiabellasartessanfernando.com/cgi-bin/koha/opac-retrieve-file.pl?id=2c0be36ea1033729ed71f3bc5b1e7ea7">https://archivoybiblioteca.realacademiabellasartessanfernando.com/cgi-bin/koha/opac-retrieve-file.pl?id=2c0be36ea1033729ed71f3bc5b1e7ea7</a>
Texto de enlace Fot-651
942 ## - ELEMENTOS DE ENTRADA SECUNDARIOS (KOHA)
Tipo de ítem Koha Fotografías
Suprimir en OPAC No
Holdings
Estatus retirado Estado de pérdida Fuente de la clasificación o esquema de estantería Estado de daño No para préstamo Colección Biblioteca de origen Biblioteca actual Ubicación en estantería Fecha de adquisición Total de préstamos Signatura topográfica completa Código de barras Visto por última vez Precio de reemplazo Tipo de ítem Koha
    Clasificación Decimal Dewey     Fotografía Real Academia de la Bellas Artes de San Fernando Real Academia de la Bellas Artes de San Fernando Depósito 2 16/04/2026   Fot-651 1096922 16/04/2026 16/04/2026 Fotografías

Powered by Koha